00808nam a2200241 a 4500001001300000003000900013005001700022008004100039020002300080082001600103100002300119245009000142260005000232300001000282500003500292505003100327650002100358700002300379902000800402942000700410952013200417999001700549nice12345678IN_TiNIC20260116014207.0130211s2012 newa grp 000 0 eng  a9781107038189c59500a922.97bSEV aSevea, Iqbal Singh aPolitical Philosophy of Muhammad Iqbalb Islam and Nationalism in Late Colonial India aNew Delhi bCambridge University Press c2012 a214p  aincludes index and biblioraphy2 aSelect Bibliography, Index aIqbal-Philosophy1 aSevea, Iqbal Singh bSRS cBK 001040708StackRoom-aHMIbHMId2013-02-11g595.00l8m5o922.97 SEVp024029r2022-02-23s2020-01-17v595.00w2013-02-11yBK c14264d14264